Új gyümölcskocsonya

Elmentve itt :
Bibliográfiai részletek
Szerző: Somogyi Károlyné
Dokumentumtípus: Cikk
Megjelent: 1969-06-15
Sorozat:Délmagyarország 59 No. 136
Kulcsszavak:Konzervgyár Szeged 1969, konzervgyár
Online Access:http://dmarchiv.bibl.u-szeged.hu/65901
LEADER 00474nab a2200157 i 4500
001 delm65901
005 20180927151252.0
008 180927s1969 hu o 0|| hun d
040 |a SZTE Délmagyarország Archívum  |b hun 
041 |a hun 
100 1 |a Somogyi Károlyné 
245 1 0 |a Új gyümölcskocsonya  |h [elektronikus dokumentum] /  |c  Somogyi Károlyné 
260 |c 1969-06-15 
300 |a 1 
490 0 |a Délmagyarország  |v 59 No. 136 
695 |a Konzervgyár Szeged 1969, konzervgyár